Quelques idees insolites sur l'education / (Record no. 50229)

MARC details
000 -CABECERA
campo de control de longitud fija 00502nam a2200181 a 4500
005 - FECHA Y HORA DE LA ÚLTIMA TRANSACCIÓN
campo de control 20250116063837.0
008 - ELEMENTOS DE LONGITUD FIJA--INFORMACIÓN GENERAL
campo de control de longitud fija 991125s1971 fr 000 0 fre u
035 ## - NÚMERO DE CONTROL DEL SISTEMA
Número de control de sistema UPN01000050229
049 ## - COLECCIÓN
Colección F
050 #4 - SIGNATURA TOPOGRÁFICA DE LA BIBLIOTECA DEL CONGRESO
Número de clasificación LB5
Número de documento/Ítem B39
100 1# - ASIENTO PRINCIPAL--NOMBRE PERSONAL
Nombre de persona Reimer, Everett W.,
Fechas asociadas al nombre 1910-1998
9 (RLIN) 41900
245 10 - MENCIÓN DE TÍTULO
Título Quelques idees insolites sur l'education /
Mención de responsabilidad, etc. Everett Reimer.
260 ## - PUBLICACIÓN, DISTRIBUCIÓN, ETC.
Lugar de publicación, distribución, etc. [París] :
Nombre del editor, distribuidor, etc. UNESCO,
Fecha de publicación, distribución, etc. 1971.
300 ## - DESCRIPCIÓN FÍSICA
Extensión 11 p.
440 #0 - MENCIÓN DE SERIE/ASIENTO SECUNDARIO--TÍTULO
Título Série B.
Nombre de parte o sección de la obra Opinions ;
Designación de volumen o secuencia 39
650 #4 - ASIENTO SECUNDARIO DE MATERIA - TERMINO TEMATICO
Término de materia o nombre geográfico como elemento de entrada Educación
9 (RLIN) 682
905 ## - TIPO DE MATERIAL
Tipo de material Libro
Holdings
Estado de retiro Estado de pérdida Fuente del sistema de clasificación o colocación Estado dañado No para préstamo Código de colección Localización permanente Ubicación/localización actual Ubicación en estantería Fecha de adquisición Clasificación Código de barras Fecha visto por última vez Número de copia Tipo de ítem Koha
    Library of Congress Classification   Disponible (Préstamo en sala) Folletería Bib. Gregorio Torres Quintero Bib. Gregorio Torres Quintero Colecciones especiales Planta alta 03/05/2023 LB5 B39 10919F 31/12/2020 1 Folleto